NCAA Champion to NBA 1st Round Pick Quiz Stats

 Plays Quiz Updated Jun 23, 2018

Score 0/44 Timer 08:00
0 Plays Today
School Player % Correct
KentuckyAnthony Davis
80.4%
DukeJahlil Okafor
77.3%
FloridaJoakim Noah
74.5%
UconnKemba Walker
73.3%
SyracuseCarmelo Anthony
72.9%
KentuckyAntoine Walker
71.7%
UConnEmeka Okafor
65.7%
UConnShabazz Napier
64.1%
DukeTyus Jones
63.4%
FloridaAl Horford
59.4%
DukeJustise Winslow
55.8%
DukeChristian Laettner
55.6%
North CarolinaMarvin Williams
52.4%
KentuckyTerrence Jones
51.2%
FloridaCorey Brewer
49.6%
North CarolinaJustin Jackson
49.3%
North CarolinaSean May
48.2%
VillanovaMikal Bridges
45.7%
KentuckyMichael Kidd Gilchrist
44.4%
North CarolinaTyler Hansbrough
43.6%
North CarolinaTy Lawson
41%
North CarolinaRaymond Felton
41%
School Player % Correct
UConnRichard Hamilton
39.4%
Michigan St.Mateen Cleaves
37.4%
DukeShane Battier
37.3%
VillanovaDonte DiVincenzo
37%
MarylandJuan Dixon
36.2%
UCLAEd O'Bannon
31.6%
UConnBen Gordon
30%
North CarolinaRashad McCants
29.5%
LouisvilleGorgui Dieng
27%
VillanovaOmari Spellman
26.1%
KentuckyMarquis Teague
25%
Michigan St.Morris Peterson
24.4%
North CarolinaWayne Ellington
22.3%
MarylandChris Wilcox
19.6%
KansasBrandon Rush
18.8%
KentuckyTony Delk
17.4%
North CarolinaTony Bradley
15.1%
KansasDarrell Arthur
11.4%
KentuckyNazr Mohammed
9%
KentuckyWalter McCarty
9%
North CarolinaGeorge Lynch
8.7%
UCLAGeorge Zidek
5.2%

You're not logged in!

Compare scores with friends on all Sporcle quizzes.
OR
Log In

Show Comments

Extras

Top Quizzes Today


Score Distribution

Your Account Isn't Verified!

In order to create a playlist on Sporcle, you need to verify the email address you used during registration. Go to your Sporcle Settings to finish the process.

Report this User

Report this user for behavior that violates our Community Guidelines.

Details: